NHL Teams With Most Followers on X (Twitter) - Statistics

General Stats
  • This quiz has been taken 40 times
    27 since last reset
  • The average score is 10 of 11
Answer Stats
Number of Followers NHL Team % Correct
1.0M Los Angeles Kings
96%
1.4M Montreal Canadiens
96%
1.4M New York Rangers
96%
1.8M Toronto Maple Leafs
96%
1.5M Boston Bruins
92%
1.7M Pittsburgh Penguins
92%
1.0M Vancouver Canucks
83%
2.1M Chicago Blackhawks
79%
1.1M Detroit Red Wings
79%
1.4M Philadelphia Flyers
79%
1.0M Dallas Stars
75%
No matching quizzes found
Score Distribution
Percent of People with Each Score
Percentile by Number Answered
Your Score History
You have not taken this quiz since the last reset